Becoming a helper / (Record no. 330976)

000 -LEADER
fixed length control field 01688cam a22003854a 4500
001 - CONTROL NUMBER
control field 14109033
003 - CONTROL NUMBER IDENTIFIER
control field NUST
005 - DATE AND TIME OF LATEST TRANSACTION
control field 20180117090029.0
008 - FIXED-LENGTH DATA ELEMENTS--GENERAL INFORMATION
fixed length control field 050915s2007 cau b 001 0 eng
010 ## - LIBRARY OF CONGRESS CONTROL NUMBER
LC control number 2005933940
020 ## - INTERNATIONAL STANDARD BOOK NUMBER
International Standard Book Number 0534614523
040 ## - CATALOGING SOURCE
Original cataloging agency DLC
Transcribing agency DLC
Modifying agency DLC
043 ## - GEOGRAPHIC AREA CODE
Geographic area code n-us---
050 00 - LIBRARY OF CONGRESS CALL NUMBER
Classification number HV10.5
Item number .C67 2007
082 ## - DEWEY DECIMAL CLASSIFICATION NUMBER
Classification number 361.3202373 COR
100 1# - MAIN ENTRY--PERSONAL NAME
Personal name Corey, Marianne Schneider,
Dates associated with a name 1942-
9 (RLIN) 4260
245 10 - TITLE STATEMENT
Title Becoming a helper /
Statement of responsibility, etc. Marianne Schneider Corey, Gerald Corey.
250 ## - EDITION STATEMENT
Edition statement 5th ed.
260 ## - PUBLICATION, DISTRIBUTION, ETC.
Place of publication, distribution, etc. Belmont, CA :
Name of publisher, distributor, etc. Thomson Higher Education,
Date of publication, distribution, etc. c2007.
300 ## - PHYSICAL DESCRIPTION
Extent xvii, 411 p.
Dimensions 24 cm.
500 ## - GENERAL NOTE
General note Gerald Corey's name appears first on the earlier edition.
504 ## - BIBLIOGRAPHY, ETC. NOTE
Bibliography, etc. note Includes bibliographical references (p. 381-395) and indexes.
650 #0 - SUBJECT ADDED ENTRY--TOPICAL TERM
Topical term or geographic name entry element Human services
General subdivision Vocational guidance
Geographic subdivision United States.
9 (RLIN) 4261
650 #0 - SUBJECT ADDED ENTRY--TOPICAL TERM
Topical term or geographic name entry element Social service
General subdivision Vocational guidance
Geographic subdivision United States.
9 (RLIN) 4262
700 1# - ADDED ENTRY--PERSONAL NAME
Personal name Corey, Gerald.
9 (RLIN) 4006
700 1# - ADDED ENTRY--PERSONAL NAME
Personal name Corey, Gerald.
Title of a work Becoming a helper.
9 (RLIN) 4263
856 42 - ELECTRONIC LOCATION AND ACCESS
Materials specified Contributor biographical information
Uniform Resource Identifier <a href="http://www.loc.gov/catdir/enhancements/fy1514/2005933940-b.html">http://www.loc.gov/catdir/enhancements/fy1514/2005933940-b.html</a>
856 42 - ELECTRONIC LOCATION AND ACCESS
Materials specified Publisher description
Uniform Resource Identifier <a href="http://www.loc.gov/catdir/enhancements/fy1514/2005933940-d.html">http://www.loc.gov/catdir/enhancements/fy1514/2005933940-d.html</a>
856 41 - ELECTRONIC LOCATION AND ACCESS
Materials specified Table of contents only
Uniform Resource Identifier <a href="http://www.loc.gov/catdir/enhancements/fy1514/2005933940-t.html">http://www.loc.gov/catdir/enhancements/fy1514/2005933940-t.html</a>
906 ## - LOCAL DATA ELEMENT F, LDF (RLIN)
a 7
b cbc
c origcop
d 3
e epcn
f 20
g y-gencatlg
942 ## - ADDED ENTRY ELEMENTS (KOHA)
Source of classification or shelving scheme
Koha item type Book
Holdings
Withdrawn status Lost status Source of classification or shelving scheme Damaged status Not for loan Collection code Permanent Location Current Location Shelving location Date acquired Total Checkouts Full call number Barcode Date last seen Price effective from Koha item type
            Central Library (CL) Central Library (CL) General Stacks 08/25/2017   361.3202373 COR S3H-C-81 10/13/2020 08/25/2017 Book
© 2023 Central Library, National University of Sciences and Technology. All Rights Reserved.